000 00450nam a22001577a 4500
999 _c12231
_d12231
008 210125b ||||| |||| 00| 0 eng d
082 0 0 _a371.3944
_bS6421
100 _94413
_aSmith, Wendell I
245 1 0 _aProgrammed learning theory and research
_cBy Wendell I Smith
260 _aNew Delhi
_bEast-west press
_c1968
300 _ax,240 p.
365 _d2.50
650 0 _aProgrammed Instruction
700 _94414
_aMoore, J. William
942 _cBK